000 00258nam a2200109Ia 4500
008 190907s9999||||xx |||||||||||||| ||und||
100 _aAsh Rofail Yasser
245 0 _aMastering COM and COM +
260 _aIndia
_bsybex
_c2000
300 _a692
942 _cBK
999 _c6227
_d6227